000 01246nam a2200229Ia 4500
003 Ost
005 20260416102402.0
008 260416s9999||||xx |||||||||||||| ||und||
040 _cfsecg
041 _aara
082 _a657.42
100 _aخوبيزي، مريم
_eمؤلف
245 0 _aالمحاسبة المالية المعمقة 2 /
_c مريم خوبيزي
260 _aالجزائر
_bجامعة الجزائر3: كلية العلوم الإقتصادية، العلوم التجارية وعلوم التسيير
300 _a108 ورقة
_bايضاحات
_c12 سم
504 _aببليوغرافيا: ص.ص106
520 _aتقديم ايام السنة، تسوية التثبيتاث المادية، تسوية حسابات الأصول المادية، تسوية المخزونات، تسوية حسابات الزبائن، تسوية الأعباء والمنتوجات، المقاربة البنكية، محاسبة المؤونات.
653 _aالمحاسبة المالية
653 _aالمحاسبة المعمقة
710 _aجامعة الجزائر3: كلية العلوم الإقتصادية، العلوم التجارية وعلوم التسيير
_eناشر علمي
942 _cHANDOUT
999 _c41478
_d41478